| 000 | 00674nam a22001817a 4500 | ||
|---|---|---|---|
| 999 |
_c14893 _d14893 |
||
| 003 | OSt | ||
| 082 | _2664 KRI/DE | ||
| 088 | _aP371 | ||
| 100 |
_aKRISHNAPRABHA _aRAJANI S _aROHITHA P.R _93974 |
||
| 245 | _aDevelopment and Quality of Report Pouch Processed Ramasseri Idli | ||
| 260 |
_aTavanur 2017 _bDepartment of Food and Agricultural Process Engineering |
||
| 300 | _a55 | ||
| 500 | _aDevelopment and Quality of Report Pouch Processed Ramasseri Idli | ||
| 520 | _aDevelopment and Quality of Report Pouch Processed Ramasseri Idli | ||
| 700 |
_aDr. Sudheer K.P (Guide) _93975 |
||
| 856 | _uhttps://drive.google.com/open?id=1wmF3oIclhoc87P7UdT8bYfJ7Fcq6KIPw | ||
| 942 | _cPR | ||